00733nam a22002297a 450000500170000001000110001702000220002802000150005003500110006503700160007604000120009208200130010424501540011726000410027127000390031230000200035165000390037165000290041070000190043970000270045870000180048520170124110010.0 a628835 c00.00a0041720075 a0041720083 a628835 bCen Lib/Ret aDPLbEN a327bFOR aThe theory of international relations :cedited by M. G. Forsyth, H. M. A. Keens-Soper [and] P. Savigearbselected texts from Gentili to Treitschke / aLondonbGeorge Allen and Unwinc1970 bLondonaRuskin House Museum Street a353p.c20cm(Hb) aInternational relations -- Sources aPolítica internacional aForsyth, M. G. aKeens-Soper, H. M. A.  a Savigear, P.